Région d'Ecosse - Picture Quiz - Statistiques

Statistiques générales
  • Ce quiz a été pris 59 fois
  • Le résultat moyen est 5 sur 12
Statistiques - réponses
Par images Réponse % Correct
Highland
84%
Shetland
70%
Orcades
65%
Fife
43%
Lothian
38%
Hébrides extérieures
32%
Grampian
27%
Tayside
22%
Dumfries and Galloway
19%
Région Centrale
19%
Strathclyde
19%
Marches écossaises
14%
Aucun quiz correspondant
Distribution des résultats
% des personnes avec chaque résultat
Percentile par nombre de réponses
Votre historique - résultats
Vous n’avez pas pris ce quiz